000
00183 a2200097 4500
020
_a
9780794541767
041
_a
eng
100
_a
Sims, Lesley
245
_a
The wish fish
942
_c
BK
999
_c
31907
_d
31905